Личная нота поверенного в делах США Дж. Ф. Кеннана первому заместителю наркома иностранных дел СССР А. Я. Вышинскому с препровож...

RUSMARC
00006860cbm0a2200385#x 450
00167d9075c-2f34-4a7d-9852-bec1d8ff8d0b
00520251124153324.0
100##$a20251124j19450508k###0rusy50 ca
1011#$arus
$ceng
102##$aUS
105##$ay###z########
1220#$ad19450508##
2001#$aЛичная нота поверенного в делах США Дж. Ф. Кеннана первому заместителю наркома иностранных дел СССР А. Я. Вышинскому с препровождением личного послания президента США Г. Трумэна И. В. Сталину с поздравлениями и высокой оценкой роли Советского Союза в победе над нацизмом
$j8 мая 1945 г.
251##$cДокумент
300##$aПеревод на русский язык, современный оригиналу. Оригинал на английском языке
461#0$12001
$aФ. 558
$1251
$cФонд
$1852
$j558
462#0$12001
$aОп. 11
$1251
$cОпись
$1852
$j11
462#0$12001
$aД. 371
$vЛ. 70, 71-72
$1251
$cДело
$1852
$j371
600#1$2nlr_sh
$3RU\NLR\AUTH\661320394
$aКеннан
$bД.Ф.
$gДжорж Фрост
$f1904 - 2005
$jДокументы и материалы
600#1$2nlr_sh
$3RU\NLR\AUTH\66323983
$aТрумэн
$gГарри
$bГ.
$f1884 - 1972
$jДокументы и материалы
605##$2prlib_sh
$3LIBNET\UAF\0000088514
$aВторая мировая война в архивных документах (Комплекс оцифрованных архивных документов, кино- и фотоматериалов)
$lколлекция
605##$2acquisition_Prlib
$3DITM\AF\0000002775
$aВласть
$lколлекция
6061#$2nlr_sh
$3RU\NLR\AUTH\66242017
$aВторая мировая война
$z1939 - 1945
$xЗаключительный период
$jДокументы и материалы
6061#$2nlr_sh
$3RU\NLR\AUTH\661424960
$aВеликая Отечественная война
$z1941 - 1945
$xПобеда над Германией
$xЗначение
$jДокументы и материалы
607##$2prlib_sh
$3LIBNET\UAF\0000010921
$aСССР
$xВзаимоотношения
$yСоединенные штаты Америки
$z1940-1950-е гг.
$jДокументы и материалы
607##$2prlib_sh
$3LIBNET\UAF\0000010922
$aСоединенные штаты Америки
$xВзаимоотношения
$yСССР
$z1940-1950-е гг.
$jДокументы и материалы
617##$aСоединенные штаты Америки
$f1945
$2prlib_sh
686##$a63.3(0)622,194ю1
$vLBC/M
$2rubbk
686##$a63.3(2)622-64(7Сое)ю1
$vLBC/M
$2rubbk
686##$a63.3(7Сое)622-64(2)ю1
$vLBC/M
$2rubbk
801#0$aRU
$bПБ им. Б.Н. Ельцина
$c20251124
801#1$aRU
$bПБ им. Б.Н. Ельцина
$c20251124
$2rusmarc
801#2$aRU
$bПБ им. Б.Н. Ельцина
$c20251124
$2rusmarc
850##$aРоссийский государственный архив социально-политической истории
852##$aРГАСПИ
$jЛ. 70, 71-72
035##$aLIBNET\0001514726
937##$d198506005
$hФедеральное архивное агентство
8564#$uhttp://readingroom.main.prlib.ru/item.aspx?id_node=n198506005&mode=full
Формат отображения